The bending cross : A biography of Eugene Victor Debs
সংরক্ষণ করুন:
| প্রধান লেখক: | |
|---|---|
| বিন্যাস: | গ্রন্থ |
| ভাষা: | Undetermined |
| প্রকাশিত: |
New Brunswick
Rutgers University Press
1949
|
| বিষয়গুলি: | |
| ট্যাগগুলো: |
ট্যাগ যুক্ত করুন
কোনো ট্যাগ নেই, প্রথমজন হিসাবে ট্যাগ করুন!
|
| Thư viện lưu trữ: | Trung tâm Học liệu Trường Đại học Cần Thơ |
|---|
| LEADER | 00647nam a2200217Ia 4500 | ||
|---|---|---|---|
| 001 | CTU_86028 | ||
| 008 | 210402s9999 xx 000 0 und d | ||
| 082 | |a 355.3 | ||
| 082 | |b G492 | ||
| 100 | |a Ginger, Ray | ||
| 245 | 4 | |a The bending cross : | |
| 245 | 2 | |b A biography of Eugene Victor Debs | |
| 245 | 0 | |c Ray Ginger | |
| 260 | |a New Brunswick | ||
| 260 | |b Rutgers University Press | ||
| 260 | |c 1949 | ||
| 650 | |a Debs, eugene v. (eugene victor), 1855-1926,Socialists,Working class | ||
| 650 | |x Biography,Biography | ||
| 650 | |z United states,United states | ||
| 904 | |i Trúc | ||
| 980 | |a Trung tâm Học liệu Trường Đại học Cần Thơ | ||